<?xml version="1.0" encoding="UTF-8"?>
<record
    xmlns:xsi="http://www.w3.org/2001/XMLSchema-instance"
    xsi:schemaLocation="http://www.loc.gov/MARC21/slim http://www.loc.gov/standards/marcxml/schema/MARC21slim.xsd"
    xmlns="http://www.loc.gov/MARC21/slim">

  <leader>01377nam a22002177a 4500</leader>
  <controlfield tag="003">OSt</controlfield>
  <controlfield tag="005">20250225161906.0</controlfield>
  <controlfield tag="008">250225b           ||||| |||| 00| 0 spa d</controlfield>
  <datafield tag="020" ind1=" " ind2=" ">
    <subfield code="a">9786287574212</subfield>
  </datafield>
  <datafield tag="040" ind1=" " ind2=" ">
    <subfield code="c">CO-Mq BPB</subfield>
  </datafield>
  <datafield tag="041" ind1=" " ind2=" ">
    <subfield code="a">spa</subfield>
  </datafield>
  <datafield tag="082" ind1=" " ind2=" ">
    <subfield code="a">AN</subfield>
    <subfield code="b">POSj</subfield>
  </datafield>
  <datafield tag="100" ind1=" " ind2=" ">
    <subfield code="a">Posteguillo, Santiago;</subfield>
    <subfield code="d">1967-</subfield>
    <subfield code="e">autor</subfield>
  </datafield>
  <datafield tag="245" ind1=" " ind2=" ">
    <subfield code="a">Y Julia Reto a los Dioses</subfield>
  </datafield>
  <datafield tag="264" ind1=" " ind2=" ">
    <subfield code="a">Bogot&#xE1;;</subfield>
    <subfield code="b">Planeta,</subfield>
    <subfield code="c">2020</subfield>
  </datafield>
  <datafield tag="300" ind1=" " ind2=" ">
    <subfield code="a">786 p&#xE1;ginas;</subfield>
    <subfield code="b">Tapa rustica</subfield>
    <subfield code="c">21 cm</subfield>
  </datafield>
  <datafield tag="521" ind1=" " ind2=" ">
    <subfield code="a">Mantenerse en lo alto es mucho m&#xE1;s dif&#xED;cil que llegar. Julia est&#xE1; en la c&#xFA;spide de su poder, pero la traici&#xF3;n y la divisi&#xF3;n familiar amenazan con echarlo todo a perder. Para colmo de males, el m&#xE9;dico Galeno diagnostica que la emperatriz padece lo que &#xE9;l, en griego, llama karkinos, y que los romanos, en lat&#xED;n, denominan c&#xE1;ncer. El enfrentamiento brutal entre sus dos hijos aboca la dinast&#xED;a de Julia al colapso. En medio del dolor f&#xED;sico y moral que padece la augusta, cualquiera se hubiera rendido. Se acumulan tantos desastres que Julia siente que es como si luchara contra los dioses de Roma. Pero, en medio del caos, una historia de amor m&#xE1;s fuerte que la muerte, una pasi&#xF3;n capaz de superar pruebas imposibles emerge al rescate de Julia. Nada est&#xE1; perdido. La partida por el control del imperio contin&#xFA;a.</subfield>
  </datafield>
  <datafield tag="650" ind1=" " ind2=" ">
    <subfield code="a">Novela espa&#xF1;ola</subfield>
  </datafield>
  <datafield tag="650" ind1=" " ind2=" ">
    <subfield code="a">Novela historica</subfield>
  </datafield>
  <datafield tag="942" ind1=" " ind2=" ">
    <subfield code="2">ddc</subfield>
    <subfield code="c">BKLIT</subfield>
  </datafield>
  <datafield tag="999" ind1=" " ind2=" ">
    <subfield code="c">15837</subfield>
    <subfield code="d">15837</subfield>
  </datafield>
  <datafield tag="952" ind1=" " ind2=" ">
    <subfield code="0">0</subfield>
    <subfield code="1">0</subfield>
    <subfield code="2">ddc</subfield>
    <subfield code="4">0</subfield>
    <subfield code="7">0</subfield>
    <subfield code="8">LA</subfield>
    <subfield code="a">BPMOS</subfield>
    <subfield code="b">BPMOS</subfield>
    <subfield code="c">FIC</subfield>
    <subfield code="d">2025-02-25</subfield>
    <subfield code="e">Compra 2024</subfield>
    <subfield code="i">NT</subfield>
    <subfield code="l">1</subfield>
    <subfield code="o">AN POSj</subfield>
    <subfield code="p">MOS504164</subfield>
    <subfield code="r">2025-07-18</subfield>
    <subfield code="s">2025-07-03</subfield>
    <subfield code="t">Ej.1</subfield>
    <subfield code="w">2025-02-25</subfield>
    <subfield code="y">BKLIT</subfield>
    <subfield code="z">Quince dias</subfield>
  </datafield>
  <datafield tag="952" ind1=" " ind2=" ">
    <subfield code="0">0</subfield>
    <subfield code="1">0</subfield>
    <subfield code="2">ddc</subfield>
    <subfield code="4">0</subfield>
    <subfield code="7">0</subfield>
    <subfield code="8">LA</subfield>
    <subfield code="a">BPMOS</subfield>
    <subfield code="b">BPMOS</subfield>
    <subfield code="c">FIC</subfield>
    <subfield code="d">2025-04-25</subfield>
    <subfield code="e">Compra 2024</subfield>
    <subfield code="i">NT</subfield>
    <subfield code="l">0</subfield>
    <subfield code="o">AN POSj</subfield>
    <subfield code="p">MOS504316</subfield>
    <subfield code="r">2026-02-25</subfield>
    <subfield code="t">Ej.2</subfield>
    <subfield code="w">2025-04-25</subfield>
    <subfield code="y">BKLIT</subfield>
    <subfield code="z">Quince dias</subfield>
  </datafield>
</record>
